[Event "Niedersachsen-ch op-B"]
[Site "Verden an der Aller"]
[Date "2020.01.04"]
[Round "6"]
[White "Lau, Robert1111"]
[Black "Roehl, Manfred"]
[Result "1/2-1/2"]
[WhiteElo "1582"]
[BlackElo "1796"]
[PlyCount "43"]
[EventDate "2020.01.02"]
[EventType "swiss"]
[EventRounds "7"]
[EventCountry "GER"]
[SourceTitle "EXT 2023"]
[Source "ChessBase"]
[SourceDate "2022.10.05"]
[SourceVersion "1"]
[SourceVersionDate "2022.10.05"]
[SourceQuality "1"]

1. e4 e5 2. Bc4 Bc5 3. Nf3 Qf6 4. 0-0 h6 5. c3 Nc6 6. d4 exd4 7. e5 Qd8 8. cxd4 d5 9. exd6 Bxd6 10. Qb3 Qd7 11. Re1+ Kf8 12. Qe3 Nf6 13. Nc3 Na5 14. b3 Nxc4 15. bxc4 c6 16. Bb2 Qc7 17. h3 Bf5 18. c5 Bf4 19. Qe2 Be6 20. Rad1 Nd5 21. Nxd5 Bxd5 22. Bc1 1/2-1/2

[Event "Niedersachsen-ch op-B"]
[Site "Verden an der Aller"]
[Date "2020.01.04"]
[Round "5"]
[White "Roehl, Manfred"]
[Black "Buchloh, Adrian"]
[Result "0-1"]
[WhiteElo "1796"]
[BlackElo "1549"]
[PlyCount "74"]
[EventDate "2020.01.02"]
[EventType "swiss"]
[EventRounds "7"]
[EventCountry "GER"]
[SourceTitle "EXT 2023"]
[Source "ChessBase"]
[SourceDate "2022.10.05"]
[SourceVersion "1"]
[SourceVersionDate "2022.10.05"]
[SourceQuality "1"]

1. d4 e6 2. Nf3 c5 3. e3 Nf6 4. Bd3 Nc6 5. c3 a6 6. 0-0 b5 7. Nbd2 Bb7 8. Re1 Be7 9. Nf1 d5 10. Ng3 0-0 11. Bd2 Qc7 12. e4 cxd4 13. cxd4 dxe4 14. Nxe4 Rfd8 15. Rc1 Qb6 16. Nc5 Nxd4 17. Nxb7 Qxb7 18. Nxd4 Rxd4 19. Bc3 Rdd8 20. Qe2 Qb6 21. Bb1 Rac8 22. Qf3 Nd5 23. Qh3 g6 24. Bd2 Bc5 25. Qf3 Kg7 26. Bg5 f6 27. Bh4 e5 28. b4 Nxb4 29. Rxc5 Rxc5 30. g4 Rcd5 31. Rf1 Nd3 32. Bg3 Nf4 33. h4 Rd2 34. Bxf4 exf4 35. Qxf4 R8d4 36. Qf3 Qe6 37. g5 fxg5 0-1

[Event "Niedersachsen-ch op-B"]
[Site "Verden an der Aller"]
[Date "2020.01.02"]
[Round "2"]
[White "Gniffke, Reiner"]
[Black "Roehl, Manfred"]
[Result "1/2-1/2"]
[WhiteElo "1639"]
[BlackElo "1796"]
[PlyCount "35"]
[EventDate "2020.01.02"]
[EventType "swiss"]
[EventRounds "7"]
[EventCountry "GER"]
[SourceTitle "EXT 2023"]
[Source "ChessBase"]
[SourceDate "2022.10.05"]
[SourceVersion "1"]
[SourceVersionDate "2022.10.05"]
[SourceQuality "1"]

1. c4 Nf6 2. d4 g6 3. g3 Bg7 4. Bg2 d6 5. Nf3 0-0 6. 0-0 Nbd7 7. Nc3 Re8 8. e4 e5 9. Re1 exd4 10. Nxd4 Ne5 11. b3 Bd7 12. Qc2 Nc6 13. Nxc6 Bxc6 14. Bb2 Rb8 15. Nd5 Bxd5 16. cxd5 Qd7 17. Rac1 Re7 18. f3 1/2-1/2

[Event "Niedersachsen-ch op-C"]
[Site "Verden"]
[Date "2017.01.08"]
[Round "7"]
[White "Roehl, Manfred"]
[Black "Zotin, Vladimir"]
[Result "0-1"]
[WhiteElo "1784"]
[BlackElo "1917"]
[PlyCount "58"]
[EventDate "2017.01.05"]
[EventType "swiss"]
[EventRounds "7"]
[EventCountry "GER"]
[SourceTitle "CBM 187 Extra"]
[Source "ChessBase"]
[SourceDate "2018.11.04"]
[SourceVersion "1"]
[SourceVersionDate "2018.11.04"]
[SourceQuality "1"]

1. d4 c5 2. e3 e6 3. Nf3 Nf6 4. Nbd2 b6 5. Bd3 Bb7 6. 0-0 d5 7. c3 Nbd7 8. Qe2 Ne4 9. Bb5 Bd6 10. Ne5 Bxe5 11. dxe5 Nxd2 12. Bxd2 0-0 13. f4 a6 14. Bd3 f6 15. Qh5 f5 16. Be1 Rf7 17. Qd1 Qc7 18. Be2 Nf8 19. Bf3 Rd8 20. Rc1 g5 21. g3 g4 22. Bg2 Rfd7 23. Bf2 h5 24. Qc2 Ng6 25. c4 d4 26. exd4 Bxg2 27. Kxg2 cxd4 28. Qd3 h4 29. b4 h3+ 0-1

[Event "Niedersachsen-ch op-C"]
[Site "Verden"]
[Date "2017.01.05"]
[Round "2"]
[White "Roehl, Manfred"]
[Black "Herting, Malte"]
[Result "1-0"]
[WhiteElo "1784"]
[BlackElo "1470"]
[PlyCount "75"]
[EventDate "2017.01.05"]
[EventType "swiss"]
[EventRounds "7"]
[EventCountry "GER"]
[SourceTitle "CBM 187 Extra"]
[Source "ChessBase"]
[SourceDate "2018.11.04"]
[SourceVersion "1"]
[SourceVersionDate "2018.11.04"]
[SourceQuality "1"]

1. d4 Nf6 2. Nf3 g6 3. Nbd2 Bg7 4. e4 d6 5. Bd3 0-0 6. 0-0 Nbd7 7. Re1 c5 8. c3 Nh5 9. Nf1 Qc7 10. Be3 c4 11. Bc2 b5 12. h3 Bb7 13. Qc1 a5 14. Bh6 e5 15. Bxg7 Kxg7 16. Qe3 Rfc8 17. N1h2 Nhf6 18. Nh4 d5 19. dxe5 Nxe5 20. Qg5 Nxe4 21. Bxe4 dxe4 22. Nf5+ Kf8 23. Qh6+ Ke8 24. Nd4 Qd7 25. Qxh7 Kd8 26. f3 Nd3 27. Re3 Kc7 28. Qh4 Rh8 29. Qg3+ Kb6 30. fxe4 Rae8 31. Ng4 Qd8 32. b3 Rxe4 33. bxc4 Nc5 34. Rb1 Ba6 35. Rxe4 Nxe4 36. Qe3 Nc5 37. Nxb5 Qd3 38. Na3+ 1-0

[Event "GER Seniors Derby 15th"]
[Site "Wesel Undeloh"]
[Date "2016.04.08"]
[Round "5"]
[White "Pauli, Walter"]
[Black "Roehl, Manfred"]
[Result "1-0"]
[WhiteElo "1524"]
[BlackElo "1795"]
[PlyCount "45"]
[EventDate "2016.04.06"]
[EventType "swiss"]
[EventRounds "9"]
[EventCountry "GER"]
[SourceTitle "EXT 2019"]
[Source "ChessBase"]
[SourceDate "2018.10.10"]
[SourceVersion "1"]
[SourceVersionDate "2018.10.10"]
[SourceQuality "1"]

1. e4 g6 2. d4 d6 3. Nc3 Bg7 4. Be3 e6 5. Qd2 Nd7 6. 0-0-0 a6 7. f4 b5 8. g4 Nb6 9. b3 Bb7 10. Bg2 b4 11. Nce2 a5 12. Ng3 d5 13. e5 Ne7 14. Nf3 Nc6 15. f5 a4 16. f6 Bf8 17. h4 Qb8 18. Kb1 Qa7 19. Bf1 Ba6 20. Bxa6 Qxa6 21. Rh2 Na5 22. Qd3 Qa7 23. h5 1-0

[Event "Kiel op 28th"]
[Site "Kiel"]
[Date "2015.07.26"]
[Round "3"]
[White "Roehl, Manfred"]
[Black "Helmich, Joerg"]
[Result "0-1"]
[WhiteElo "1826"]
[BlackElo "1704"]
[PlyCount "118"]
[EventDate "2015.07.25"]
[EventType "swiss"]
[EventRounds "9"]
[EventCountry "GER"]
[SourceTitle "CBM 167 Extra"]
[Source "ChessBase"]
[SourceDate "2015.09.14"]
[SourceVersion "1"]
[SourceVersionDate "2015.09.14"]
[SourceQuality "1"]

1. d4 f5 2. Nf3 Nf6 3. Nbd2 d6 4. e3 g6 5. c3 Bg7 6. Bc4 d5 7. Bb3 e6 8. 0-0 Nc6 9. a4 0-0 10. Bc2 a5 11. b3 Ne4 12. Bb2 e5 13. c4 Nxd2 14. Qxd2 exd4 15. exd4 Nb4 16. Bd1 dxc4 17. bxc4 c6 18. Bc3 c5 19. Rb1 cxd4 20. Nxd4 Nc6 21. Bf3 Nxd4 22. Bd5+ Ne6 23. Qe3 Bxc3 24. Qxc3 Qf6 25. Qe3 Kh8 26. Rb6 f4 27. Qb3 Qe5 28. Qd1 Qd4 29. Bxe6 Qxd1 30. Rxd1 Bxe6 31. Rxe6 Rac8 32. Re4 Rce8 33. Rde1 Rxe4 34. Rxe4 f3 35. gxf3 Rxf3 36. Re8+ Kg7 37. Re7+ Rf7 38. Re4 Kf8 39. Kf1 Re7 40. Rd4 Ke8 41. f3 Rd7 42. Re4+ Kd8 43. Ke2 Kc7 44. Ke3 Kc6 45. Re5 b6 46. Ke4 Rd1 47. Re6+ Kc5 48. Kf4 Rd4+ 49. Kg5 Rxc4 50. Re7 Rxa4 51. Rxh7 b5 52. Kxg6 Rf4 53. Rh3 a4 54. Kg5 Rf8 55. f4 b4 56. f5 a3 57. f6 a2 58. Rh5 a1Q 59. Kg6+ Kd6 0-1

[Event "Kiel op 28th"]
[Site "Kiel"]
[Date "2015.07.26"]
[Round "4"]
[White "Wenske, Hardy"]
[Black "Roehl, Manfred"]
[Result "1/2-1/2"]
[WhiteElo "1786"]
[BlackElo "1826"]
[PlyCount "47"]
[EventDate "2015.07.25"]
[EventType "swiss"]
[EventRounds "9"]
[EventCountry "GER"]
[SourceTitle "CBM 167 Extra"]
[Source "ChessBase"]
[SourceDate "2015.09.14"]
[SourceVersion "1"]
[SourceVersionDate "2015.09.14"]
[SourceQuality "1"]

1. Nf3 d5 2. d4 Nf6 3. e3 Nbd7 4. Bd3 e6 5. Nbd2 Bd6 6. 0-0 0-0 7. c3 Re8 8. e4 e5 9. Qc2 g6 10. exd5 Nxd5 11. Nc4 exd4 12. Nxd6 cxd6 13. Nxd4 Ne5 14. Be4 Nb6 15. g3 d5 16. Bg2 Nc6 17. Nxc6 bxc6 18. b3 Ba6 19. c4 Rc8 20. Rd1 d4 21. Qd2 c5 22. Qa5 Bxc4 23. bxc4 Nxc4 24. Qxd8 1/2-1/2

[Event "Kiel op-A 27th"]
[Site "Kiel"]
[Date "2014.08.07"]
[Round "8"]
[White "Gwiazda, Slawomir"]
[Black "Roehl, Manfred"]
[Result "1-0"]
[WhiteElo "1969"]
[BlackElo "1823"]
[PlyCount "53"]
[EventDate "2014.08.02"]
[EventType "swiss"]
[EventRounds "9"]
[EventCountry "GER"]
[SourceTitle "CBM 161 Extra"]
[Source "ChessBase"]
[SourceDate "2014.08.29"]
[SourceVersion "1"]
[SourceVersionDate "2014.08.29"]
[SourceQuality "1"]

1. d4 d5 2. c4 e6 3. Nc3 c6 4. Nf3 f5 5. Bf4 Nf6 6. e3 Nbd7 7. Be2 Ne4 8. Qc2 Be7 9. Ne5 Ndf6 10. f3 Nxc3 11. bxc3 dxc4 12. e4 fxe4 13. fxe4 0-0 14. 0-0 b5 15. Nxc6 Qe8 16. Nxe7+ Qxe7 17. a4 Bb7 18. Bg5 Qe8 19. Bxf6 Rxf6 20. Rxf6 gxf6 21. axb5 Qxb5 22. Rb1 Qc6 23. Bf3 e5 24. Qf2 Kh8 25. d5 Qd7 26. Be2 Ba6 27. Qxf6+ 1-0

[Event "Kiel op-A 27th"]
[Site "Kiel"]
[Date "2014.08.03"]
[Round "3"]
[White "Roehl, Manfred"]
[Black "Nixdorf, Andre"]
[Result "0-1"]
[WhiteElo "1823"]
[BlackElo "1964"]
[PlyCount "90"]
[EventDate "2014.08.02"]
[EventType "swiss"]
[EventRounds "9"]
[EventCountry "GER"]
[SourceTitle "CBM 161 Extra"]
[Source "ChessBase"]
[SourceDate "2014.08.29"]
[SourceVersion "1"]
[SourceVersionDate "2014.08.29"]
[SourceQuality "1"]

1. d4 d5 2. Nf3 Nf6 3. e3 Bf5 4. Be2 e6 5. Nbd2 Be7 6. 0-0 h6 7. Ne5 0-0 8. f4 Nbd7 9. b3 c6 10. c3 Qc7 11. Ndf3 Ne4 12. Bb2 Ndf6 13. Nh4 Bh7 14. Qe1 Qd8 15. Nhf3 a5 16. Nd3 a4 17. Nfe5 a3 18. Bc1 Qc7 19. Bd2 c5 20. Nf2 Nxf2 21. Rxf2 Ne4 22. Rf3 Rac8 23. c4 Nxd2 24. Qxd2 Be4 25. Rh3 Rfd8 26. cxd5 Rxd5 27. Bc4 Rd6 28. Qf2 cxd4 29. exd4 Rxd4 30. Qe1 Bf5 31. Rf3 Rcd8 32. Rc1 Qd6 33. Be2 Rd2 34. Nc4 Qd4+ 35. Kh1 Rxa2 36. Rf1 b5 37. Ne5 Qd2 38. Qxd2 Rdxd2 39. Bf3 Bf6 40. Rc5 b4 41. Nc6 Bc3 42. Ne7+ Kh7 43. Nxf5 exf5 44. Rxf5 Ra1 45. Rxa1 Bxa1 0-1

[Event "Niedersachsen-ch op-A"]
[Site "Verden"]
[Date "2013.01.03"]
[Round "2"]
[White "Langer, Michael Sebastian"]
[Black "Roehl, Manfred"]
[Result "1-0"]
[WhiteElo "1993"]
[BlackElo "1784"]
[PlyCount "35"]
[EventDate "2013.01.03"]
[EventType "swiss"]
[EventRounds "7"]
[EventCountry "GER"]
[SourceTitle "EXT 2014"]
[Source "ChessBase"]
[SourceDate "2013.11.20"]
[SourceVersion "1"]
[SourceVersionDate "2013.11.20"]
[SourceQuality "1"]

1. c4 e6 2. d4 d5 3. Nf3 Nd7 4. g3 c6 5. Qc2 Ngf6 6. Nbd2 Qa5 7. Bg2 Ne4 8. 0-0 f5 9. Ne1 Ndf6 10. Nb3 Qd8 11. c5 Nd7 12. f3 Nef6 13. Nd3 Be7 14. Bd2 Nf8 15. Ba5 b6 16. cxb6 axb6 17. Qxc6+ Bd7 18. Qxb6 1-0